5 Pays les plus touristiques par continent - Statistiques

Statistiques générales
  • Ce quiz a été pris 3 753 fois
    2 351 depuis la dernière actualisation
  • Le résultat moyen est 23 sur 25
Statistiques - réponses
Afrique % Correct
89 M France
100%
84 M Espagne
99%
66 M Chine
98%
79 M États-Unis
98%
65 M Italie
98%
32 M Japon
98%
13 M Maroc
98%
6 M Brésil
97%
22 M Canada
97%
45 M Mexique
97%
7 M Argentine
96%
40 M Allemagne
95%
13 M Égypte
94%
40 M Royaume-Uni
94%
10 M Afrique du Sud
92%
2 M Algérie
90%
5 M Chili
90%
4 M Colombie
90%
4 M Pérou
89%
9 M Tunisie
88%
40 M Thaïlande
87%
4 M Cuba
82%
51 M Turquie
68%
6 M République Dominicaine
59%
26 M Malaisie
56%
Aucun quiz correspondant
Distribution des résultats
% des personnes avec chaque résultat
Percentile par nombre de réponses
Votre historique - résultats
Vous n’avez pas pris ce quiz depuis la dernière actualisation